| 000 | 00605nam a2200205 a 4500 | ||
|---|---|---|---|
| 005 | 20241012064211.0 | ||
| 008 | 080222s2003 mx r 000 0 spa d | ||
| 020 | _a9702905397 | ||
| 035 | _aUPN01000154397 | ||
| 049 | _aI | ||
| 050 | 4 |
_aPZ73 _bM5.3 |
|
| 100 | 1 |
_aMolina, Alicia, _d1945- _933136 |
|
| 245 | 1 | 0 |
_aAlbum de famillia / _cAlicia Molina, Luz María Chapela, Rodrigo Vargas. |
| 260 |
_aMéxico : _bAltea, _c2003. |
||
| 300 |
_a87 p. : _bil. |
||
| 650 | 4 |
_aLiteratura infantil _94445 |
|
| 700 | 1 |
_aChapela, Luz María _ecoaut. _932682 |
|
| 700 | 1 |
_aVargas, Rodrigo, _ecoaut. |
|
| 905 | _aInfantil | ||
| 999 |
_c126514 _d126514 |
||